00329nam a2200097Ia 4500082001200000245005000012260005300062300001000115650005400125710005200179 aRI.0019 0aIntegrated rural energy plan for Nanded block c0bMaharashtra Energy Development Agency, Bombay a136p. aINTEGRATED RURAL ENERGY PLAN - KARNATAKA - NANDED aProgressive Research Aids Private Limited, Pune